भौतिकी के नये आयाम / (Record no. 52080)

MARC details
000 -LEADER
fixed length control field 01089nam a22002297a 4500
005 - DATE AND TIME OF LATEST TRANSACTION
control field 20090119120914.0
008 - FIXED-LENGTH DATA ELEMENTS--GENERAL INFORMATION
fixed length control field 090119t xxu||||| |||| 00| 0 hin d
010 ## - LCCN (DPL NO)
LC control number HIN-92545
020 ## - INTERNATIONAL STANDARD BOOK NUMBER
International Standard Book Number 9788190422604
Terms of availability 350.00
035 ## - SYSTEM CONTROL NUMBER
System control number HN-64891
037 ## - SOURCE OF ACQUISITION
Source of stock number/acquisition DBAD / PUB
040 ## - CATALOGING SOURCE
Original cataloging agency DPL
Language of cataloging HN
082 ## - DEWEY DECIMAL CLASSIFICATION NUMBER
Classification number 530
100 ## - MAIN ENTRY--PERSONAL NAME
Personal name पांडेय, ललित किशोर
9 (RLIN) 27647
245 ## - TITLE STATEMENT
Title भौतिकी के नये आयाम /
Statement of responsibility, etc ललित किशोर पांडेय
246 ## - VARYING FORM OF TITLE
Title proper/short title Bhautilii ke naye aayaama
Remainder of title by Lalit Kishore Pandey
260 ## - PUBLICATION, DISTRIBUTION, ETC. (IMPRINT)
Place of publication, distribution, etc दिल्ली
Name of publisher, distributor, etc आकाशगंगा प्रकाशन
Date of publication, distribution, etc 2011
270 ## - ADDRESS
Address 1/11437, सुभाष पार्क एक्सटेंशन, गली नं.2 नवीन शाहदरा
City दिल्ली
Postal code 110 032
300 ## - PHYSICAL DESCRIPTION
Extent 240पृ.
Dimensions 22सेमी (सजिल्द)
942 ## - ADDED ENTRY ELEMENTS (KOHA)
Source of classification or shelving scheme Dewey Decimal Classification
Item type Hindi Books
Call number suffix पांडेय
Classification part 530
Holdings
Withdrawn status Lost status Source of classification or shelving scheme Damaged status Not for loan Collection code Home library Current library Date acquired Source of acquisition Cost, normal purchase price Total Checkouts Full call number Barcode Date last seen Copy number Cost, replacement price Koha item type
    Dewey Decimal Classification   Not For Loan Non-fiction D.B.Act.Division D.B.Act.Division 04/05/2011 DBAD /PUB 350.00   530 पांडेय HN-64891 04/05/2011 1 350.00 Hindi Books

© Delhi Public Library
Hit Counter
free hit counter